Statistiques concernant Villes d'Italie - Carte Quiz

Cliquez ici pour prendre le quiz!

Statistiques générales

  • Ce quiz a été pris 13 443 fois
  • Le résultat moyen est 9 sur 15

Réponses sur la Carte

Les réponses sont colorées sur une échelle allant du rouge au vert en fonction du pourcentage des utilisateurs qui les ont devinées à leur premier essai. Vous pouvez retrouver ces pourcentages ci-dessous.
Chargement ...
 

Statistiques - réponses

Réponse% Correct
Rome
89%
Naples
77%
Venise
75%
Palerme
73%
Milan
71%
Turin
71%
Gênes
65%
Florence
61%
Cagliari
59%
Pise
52%
Trieste
49%
Bari
46%
Reggio de Calabre
46%
Vérone
44%
Pescara
33%

Distribution des résultats

Percentile par nombre de réponses

% des personnes avec chaque résultat

Votre développement - résultats

Vous n’avez pas pris ce quiz